Handbuch der dynamischen Psychiatrie / 2 Unter Mitarb. von Gisela Ammon ..
| Contributors: | |
|---|---|
| Format: | Print Book |
| Language: | German |
| Published: |
München
Reinhardt
1982
|
| In: |
Handbuch der dynamischen Psychiatrie
Year: 1982 |
| Availability in Tübingen: | Present in Tübingen. IFK: M I 94-2 |
| Check availability: | HBZ Gateway |
| Subito Delivery Service: | Order now. |
MARC
| LEADER | 00000cam a2200000 cc4500 | ||
|---|---|---|---|
| 001 | 107772814X | ||
| 003 | DE-627 | ||
| 005 | 20240424221605.0 | ||
| 007 | tu | ||
| 008 | 850101s1982 xx ||||| 00| ||ger c | ||
| 020 | |a 3497010049 |9 3-497-01004-9 | ||
| 035 | |a (DE-627)107772814X | ||
| 035 | |a (DE-576)00772814X | ||
| 035 | |a (DE-599)BSZ00772814X | ||
| 035 | |a (OCoLC)74542373 | ||
| 040 | |a DE-627 |b ger |c DE-627 |e rakwb | ||
| 041 | |a ger | ||
| 084 | |a YH 7700 |2 rvk |0 (DE-625)rvk/153579: | ||
| 084 | |a YH 1200 |2 rvk |0 (DE-625)rvk/153515: | ||
| 245 | 0 | 0 | |a Handbuch der dynamischen Psychiatrie |n 2 |p Unter Mitarb. von Gisela Ammon .. |c hrsg. von Günter Ammon |
| 264 | 1 | |a München |b Reinhardt |c 1982 | |
| 300 | |a XXVI, 919 S. |b Ill., graph. Darst. | ||
| 336 | |a Text |b txt |2 rdacontent | ||
| 337 | |a ohne Hilfsmittel zu benutzen |b n |2 rdamedia | ||
| 338 | |a Band |b nc |2 rdacarrier | ||
| 583 | 1 | |a Archivierung/Langzeitarchivierung gewährleistet |c 2022 |f SLG |x XA-DE-BW |2 pdager |5 DE-289 | |
| 700 | 1 | |a Ammon, Gisela |d 1935-2021 |0 (DE-588)1245811487 |0 (DE-627)1777424712 |4 oth | |
| 773 | 1 | 8 | |a Handbuch der dynamischen Psychiatrie |w (DE-627)1077728123 |w (DE-576)007728123 |g 2 |q 2 |7 nnam |
| 936 | r | v | |a YH 7700 |b Hand- und Lehrbücher, einführende Werke usw. |k Medizin |k Psychiatrie, Medizinische Psychologie |k Spezielle Psychiatrie |k Psychotherapie |k Hand- und Lehrbücher, einführende Werke usw. |0 (DE-627)1271561360 |0 (DE-625)rvk/153579: |0 (DE-576)201561360 |
| 936 | r | v | |a YH 1200 |b Handbücher |k Medizin |k Psychiatrie, Medizinische Psychologie |k Handbücher |0 (DE-627)1271596393 |0 (DE-625)rvk/153515: |0 (DE-576)201596393 |
| 951 | |a MV | ||
| ELC | |b 1 | ||
| LOK | |0 000 xxxxxcx a22 zn 4500 | ||
| LOK | |0 001 2061220525 | ||
| LOK | |0 003 DE-627 | ||
| LOK | |0 004 107772814X | ||
| LOK | |0 005 20260422153753 | ||
| LOK | |0 008 921207||||||||||||||||ger||||||| | ||
| LOK | |0 040 |a DE-21-110 |c DE-627 |d DE-21-110 | ||
| LOK | |0 852 |a DE-21-110 | ||
| LOK | |0 852 1 |c M I 94-2 |m p |9 00 | ||
| LOK | |0 935 |a k110 | ||
| LOK | |0 936ln |a 8.6.1 | ||
| LOK | |0 938 |k p | ||
| LOK | |0 939 |a 1992-12-07 |b l01 | ||
| ORI | |a WA-MARC-krimdoka001.raw | ||
| SIG | |a IFK: M I 94-2 | ||
